000 01567cam a2200421 a 4500
001 8218413
003 OSt
005 20180117090008.0
008 100812s2011 nyua b 001 0 eng
010 _a 2010033859
020 _a9781848728646 (hbk.)
020 _a1848728646 (hbk.)
020 _a9780203875292 (ebook)
020 _a020387529X (ebook)
024 _a40018579450
035 _a(OCoLC)ocn449889653
035 _a(OCoLC)449889653
035 _a(NNC)8218413
040 _aDLC
_cDLC
_dYDX
_dBTCTA
_dYDXCP
050 0 0 _aBF448
_b.H356 2011
082 0 0 _a153.8/3072
_222
245 0 2 _aA handbook of process tracing methods for decision research :
_ba critical review and user's guide /
_cedited by Michael Schulte-Mecklenbeck, Anton Kühberger and Rob Ranyard.
260 _aNew York :
_bPsychology Press,
_c2011.
300 _axiii, 256 p. :
_bill. ;
_c24 cm.
490 1 _aSociety for judgment and decision making series
504 _aIncludes bibliographical references and index.
650 0 _aDecision making
_xResearch.
650 0 _aDecision making
_xMethodology.
650 0 _aCognition
_xResearch.
700 1 _aSchulte-Mecklenbeck, Michael.
700 1 _aKühberger, Anton.
700 1 _aRanyard, Rob.
830 0 _aSociety for Judgment and Decision Making (Series)
942 _2ddc
_cBK
948 1 _a20101214
_bc
_csl13
_dMPS
999 _c3562
_d3562